|
|
|
|
| LEADER |
00000cam a2200000 7i4500 |
| 001 |
0000004469 |
| 005 |
20050418.0 |
| 020 |
|
|
|a 0816010471
|
| 040 |
|
|
|a INS
|
| 090 |
0 |
0 |
|a HF4387.
|b T84 1985
|
| 100 |
1 |
|
|a Tuleja, Tad
|
| 245 |
1 |
0 |
|a Beyond the bottom line :
|b How business leaders are turning principles into profit
|c Tad Tuleja
|
| 260 |
|
|
|a New York :
|b Facts on File Publication :
|b c1985
|
| 300 |
|
|
|a xii, 222p. ;
|c 23 cm.
|
| 500 |
|
|
|a Includes index
|
| 650 |
0 |
0 |
|a Business ethics
|
| 650 |
0 |
0 |
|a Executives
|z United States
|x Conduct of life
|
| 650 |
0 |
0 |
|a Industry
|x Social aspects
|z United States
|
| 999 |
|
|
|a 0000003039
|b BOOK
|c Open Shelf
|e Default branch
|